INDIA/ (Record no. 200780)

MARC details
000 -LEADER
fixed length control field 00512nam a22001937a 4500
005 - DATE AND TIME OF LATEST TRANSACTION
control field 20240215124354.0
010 ## - LCCN (DPL NO)
LC control number ENG-139265
020 ## - INTERNATIONAL STANDARD BOOK NUMBER
Terms of availability 200.00
035 ## - SYSTEM CONTROL NUMBER
System control number EN-122797
037 ## - SOURCE OF ACQUISITION
Source of stock number/acquisition DBAD/PUB
082 ## - DEWEY DECIMAL CLASSIFICATION NUMBER
Classification number 954
100 ## - MAIN ENTRY--PERSONAL NAME
Personal name Jhamb , Chaman Lal
245 ## - TITLE STATEMENT
Title INDIA/
Remainder of title (1857-2019):
Statement of responsibility, etc Chaman Lal Jhamb
250 ## - EDITION STATEMENT
Edition statement 1
260 ## - PUBLICATION, DISTRIBUTION, ETC. (IMPRINT)
Place of publication, distribution, etc Chandigarh
Name of publisher, distributor, etc Dhauladhar Print Pack
Date of publication, distribution, etc 2021
270 ## - ADDRESS
Address 1227, Sector 33C
City Chandigarh
300 ## - PHYSICAL DESCRIPTION
Extent 116p.
Dimensions 21cm(hbk)
942 ## - ADDED ENTRY ELEMENTS (KOHA)
Source of classification or shelving scheme Dewey Decimal Classification
Item type English Books
Classification part 954
Call number suffix JHA
Holdings
Withdrawn status Lost status Not for loan Collection code Home library Current library Date acquired Source of acquisition Cost, normal purchase price Full call number Barcode Copy number Cost, replacement price Koha item type
    Not For Loan Non-fiction Tri Nagar Tri Nagar 15/02/2024 DBAD/PUB 200.00 954 JHA EN-122797 1 200.00 English Books

© Delhi Public Library
Hit Counter
free hit counter